000
00295nam a2200121Ia 4500
008
230907s9999||||xx |||||||||||||| ||und||
082
_a
954.91092
_b
BAZ
100
_a
Bazmi, Aslam,
_9
6707
245
0
_a
Our Quaid :
260
_a
NUST publishing
_c
2014
300
_a
xiv, 166 pages ;
942
_c
BK
999
_c
597392
_d
597392